| 000 | 00989nam a2200349 a 4500 | ||
|---|---|---|---|
| 003 | AR-BaBNM | ||
| 005 | 20251128204446.0 | ||
| 008 | 082120s2002 ||||||||||||||000 | spa|| | ||
| 040 | _cAR-BaBNM | ||
| 100 | 1 | _aHuber, Johanna | |
| 245 | 0 | 0 | _aOcupaciones infantiles |
| 250 | _a9ª ed. | ||
| 260 |
_aBuenos Aires _bKapelusz _c1979 |
||
| 300 |
_a151 p. _bil., gráfs. |
||
| 490 | 0 | _aPedagogía práctica | |
| 500 | _aLista de títulos de la colección | ||
| 650 | 4 | _aEDUCACION DE LA PRIMERA INFANCIA | |
| 650 | 4 | _aJUEGOS INFANTILES | |
| 650 | 4 | _aJUEGOS EDUCATIVOS | |
| 650 | 4 | _aMAESTROS DE PREPRIMARIA | |
| 650 | 4 | _aEDUCACION ESTETICA | |
| 650 | 4 | _aDESARROLLO DE LA CREATIVIDAD | |
| 650 | 4 | _aDESARROLLO DEL NIÑO | |
| 650 | 4 | _aDESARROLLO COGNOSCITIVO | |
| 653 | _aACTIVIDADES PRACTICAS | ||
| 653 | _aEDUCACION PRIMARIA | ||
| 653 | _aJARDINES MATERNALES | ||
| 653 | _aJARDINES DE INFANTES | ||
| 700 | 1 |
_aFrohberg, W.O. _etraductor |
|
| 942 | _cBK | ||
| 998 | _cMARTIN | ||
| 999 |
_c7507 _d7507 |
||